| 000 | 00718nam a2200289Ia 4500 | ||
|---|---|---|---|
| 005 | 20260324120600.0 | ||
| 008 | 008 260324s9999 xx 000 0 eng d | ||
| 020 | _a9781315615851 | ||
| 037 | _aEBOOK | ||
| 040 | _aCRL | ||
| 040 | _beng | ||
| 040 | _cCRL | ||
| 041 | _2eng | ||
| 041 | _aeng | ||
| 084 | _qCRL | ||
| 100 |
_aAristotle Tziampiris; Spyridon N. Litsas _91159144 |
||
| 245 | 4 | _aThe Eastern Mediterranean in Transition | |
| 245 | 0 | _bMultipolarity, Politics and Power | |
| 260 | _bTaylor and Francis | ||
| 260 | _c2015 | ||
| 365 | _a | ||
| 365 | _b230 | ||
| 856 | _uhttp://www.taylorfrancis.com/books/9781315615851 | ||
| 942 | _cEBOOK | ||
| 999 |
_c1750756 _d1750756 |
||